| 000 | 00723cam a2200253 4500 | ||
|---|---|---|---|
| 001 | ABS63964 | ||
| 008 | 000000n2001 000 0 eng u | ||
| 035 | _a(Sirsi) u112750 | ||
| 245 | _aRegional survey: Berlin & Frankfurt | ||
| 260 | _c2001 | ||
| 490 |
_aProperty Week _v66(20) 18 May 2001, 47-58(7) |
||
| 590 | _aABS | ||
| 650 | _aBERLIN | ||
| 650 | _aEUROPE | ||
| 650 | _aHIGH RISE BUILDINGS | ||
| 650 | _aSKYSCRAPERS | ||
| 650 | _aFRANKFURT | ||
| 650 | _aMIXED-USE DEVELOPMENTS | ||
| 650 | _aDEVELOPMENT SCHEMES | ||
| 650 | _aGERMANY | ||
| 650 | _aPROPERTY-COMMERCIAL PROPERTY-OFFICE PROPERTY-OFFICE PROPERTY MARKET | ||
| 690 | _aPROPERTY-COMMERCIAL PROPERTY-COMMERCIAL PROPERTY MARKET | ||
| 942 | _n0 | ||
| 999 |
_c67135 _d67135 |
||